El tercer pecado mortal / (Registro nro. 3738)
[ vista simple ]
| 000 -LEADER | |
|---|---|
| fixed length control field | 00845nam a2200205Ia 4500 |
| 003 - CONTROL NUMBER IDENTIFIER | |
| control field | OSt |
| 005 - DATE AND TIME OF LATEST TRANSACTION | |
| control field | 20250502123905.0 |
| 008 - FIXED-LENGTH DATA ELEMENTS--GENERAL INFORMATION | |
| fixed length control field | 191128t1982 ck r 000 f spa d |
| 040 ## - CATALOGING SOURCE | |
| Original cataloging agency | CO-JMCR |
| Transcribing agency | CO-JMCR |
| 041 ## - LANGUAGE CODE | |
| Language code of text/sound track or separate title | spa |
| 082 04 - DEWEY DECIMAL CLASSIFICATION NUMBER | |
| Classification number | A-N |
| Item number | SANt |
| 100 1# - MAIN ENTRY--PERSONAL NAME | |
| Personal name | Sanders, Lawrence, |
| Dates associated with a name | 1920-1998 |
| Relator term | autor |
| 9 (RLIN) | 8111 |
| 245 13 - TITLE STATEMENT | |
| Title | El tercer pecado mortal / |
| Statement of responsibility, etc. | Lawrence Sanders ; Traducción de Raquel Albornoz |
| 260 ## - PUBLICATION, DISTRIBUTION, ETC. | |
| Place of publication, distribution, etc. | Bogotá : |
| Name of publisher, distributor, etc. | Emecé, |
| Date of publication, distribution, etc. | ©1982 |
| 300 ## - PHYSICAL DESCRIPTION | |
| Extent | 422 páginas ; |
| Dimensions | 21 cm. |
| 490 0# - SERIES STATEMENT | |
| Series statement | Circulo de lectores |
| 520 ## - SUMMARY, ETC. | |
| Summary, etc. | Atardece en Nueva York. El trabajo ha terminado. Los turistas vuelven a los hoteles. Los bares y los restaurantes comienzan a poblarse. La gente común regresa a su casa, pero la ciudad sigue despierta con otra clase de personajes: los solitarios y los noc |
| 650 14 - SUBJECT ADDED ENTRY--TOPICAL TERM | |
| Topical term or geographic name entry element | Novela estadounidense |
| 9 (RLIN) | 8112 |
| 942 ## - ADDED ENTRY ELEMENTS (KOHA) | |
| Source of classification or shelving scheme | Dewey Decimal Classification |
| Koha item type | Books |
| Withdrawn status | Lost status | Source of classification or shelving scheme | Damaged status | Not for loan | Collection code | Home library | Current library | Date acquired | Source of acquisition | Total Checkouts | Full call number | Barcode | Date last seen | Date last checked out | Copy number | Koha item type |
|---|---|---|---|---|---|---|---|---|---|---|---|---|---|---|---|---|
| Dewey Decimal Classification | Fiction | Biblioteca Pública José María del Castillo y Rada | Biblioteca Pública José María del Castillo y Rada | 11/28/2019 | Donación | 1 | A-N SANt | 201808039 | 01/17/2020 | 01/17/2020 | Ej.1 | Books |